[Event "Quebec-ch U20"]
[Site "Montreal"]
[Date "2013.02.09"]
[Round "3"]
[White "Utepova, Alika"]
[Black "Saha, Ananda"]
[Result "0-1"]
[WhiteElo "1481"]
[BlackElo "1647"]
[PlyCount "80"]
[EventDate "2013.02.08"]
[EventType "swiss"]
[EventRounds "5"]
[EventCountry "CAN"]
[SourceTitle "EXT 2022"]
[Source "ChessBase"]
[SourceDate "2021.10.06"]
[SourceVersion "1"]
[SourceVersionDate "2021.10.06"]
[SourceQuality "1"]

1. e4 b6 2. d4 Bb7 3. Nc3 e6 4. Bd3 Nf6 5. a3 h6 6. Nf3 c5 7. 0-0 cxd4 8. Nxd4 Bc5 9. Nb3 Na6 10. e5 Nd5 11. Qg4 g5 12. Ne4 Be7 13. f4 h5 14. Qf3 g4 15. Qf2 Qc7 16. c4 f5 17. cxd5 fxe4 18. d6 Qc6 19. Nd4 Qd5 20. dxe7 exd3 21. b4 h4 22. Be3 h3 23. Qg3 Qxg2+ 24. Qxg2 hxg2 25. Rf2 g3 26. Rxg2 Bxg2 27. Kxg2 gxh2 28. Re1 h1Q+ 29. Rxh1 Rxh1 30. Kxh1 Kxe7 31. Kg2 Nc7 32. Kf3 Nd5 33. Bd2 Rf8 34. Ke4 Nxf4 35. b5 Nd5 36. Kxd3 Rh8 37. Nf3 Rh3 38. Ke4 Rg3 39. a4 Rg4+ 40. Kd3 Rxa4 0-1